|
|
|
|
| LEADER |
00000nam0a2200000 4500 |
| 001 |
81781 |
| 005 |
20231031095335.0 |
| 020 |
|
|
|a RU
|b 93-25082
|
| 035 |
|
|
|a (RuTPU)RU\TPU\book\87893
|
| 035 |
|
|
|a RU\TPU\book\87090
|
| 090 |
|
|
|a 81781
|
| 100 |
|
|
|a 20050923d1985 m y0rusy5003 ca
|
| 101 |
1 |
|
|a rus
|c eng
|
| 102 |
|
|
|a RU
|
| 105 |
|
|
|a y z 000ay
|
| 200 |
1 |
|
|a Вера в человека
|e рассказы
|e пер. с англ.
|f Дж. Лондон
|
| 210 |
|
|
|a Магадан
|c Магаданское книжное издательство
|d 1985
|
| 215 |
|
|
|a 320 с.
|
| 610 |
1 |
|
|a зарубежная литература
|
| 610 |
1 |
|
|a рассказы
|
| 610 |
1 |
|
|a приключения
|
| 675 |
|
|
|a 82
|z rus
|
| 700 |
|
1 |
|a Лондон
|b Дж.
|c наст. имя и фамилия Джон Гриффит
|c американский писатель
|f 1876-1916
|g Джек
|2 stltpush
|3 (RuTPU)RU\TPU\pers\14989
|
| 801 |
|
0 |
|a RU
|b RuMRKP
|c 19950413
|g psbo
|
| 801 |
|
1 |
|a RU
|b 63413507
|c 20050915
|g PSBO
|
| 801 |
|
2 |
|a RU
|b 63413507
|c 20060524
|g PSBO
|
| 942 |
|
|
|c BK
|